Исследование механизмов снижения токсичности растворов u238 гуминовыми веществами и фуллеренолом. Биолюминесцентный мониторинг; Химия и химическая технология в XXI веке; Т. 2

Bibliografische gegevens
Parent link:Химия и химическая технология в XXI веке: материалы XXIV Международной научно-практической конференции студентов и молодых ученых имени выдающихся химиков Л. П. Кулёва и Н. М. Кижнера, посвященной 85-летию со дня рождения профессора А. В. Кравцова, Томск, 15-19 мая 2023 г./ Национальный исследовательский Томский политехнический университет (ТПУ) ; Инженерная школа природных ресурсов ; Инженерная школа новых производственных технологий ; Исследовательская школа химических и биомедицинских технологий ; Инженерная школа ядерных технологий.— , 2023
Т. 2.— 2023.— [С. 234-235]
Hoofdauteur: Медведев В. В.
Coauteur: Национальный исследовательский Томский политехнический университет Инженерная школа ядерных технологий Отделение ядерно-топливного цикла
Andere auteurs: Семенова А. А. (научный руководитель), Сачкова А. С. Анна Сергеевна
Samenvatting:Заглавие с титульного экрана
Taal:Russisch
Gepubliceerd in: 2023
Reeks:Охрана окружающей среды и рациональное использование природных ресурсов
Onderwerpen:
Online toegang:http://earchive.tpu.ru/handle/11683/76917
Formaat: Elektronisch Hoofdstuk
KOHA link:https://koha.lib.tpu.ru/cgi-bin/koha/opac-detail.pl?biblionumber=636015

MARC

LEADER 00000naa2a2200000 4500
001 636015
005 20231101133906.0
035 |a (RuTPU)RU\TPU\conf\37872 
035 |a RU\TPU\conf\37871 
090 |a 636015 
100 |a 20230626d2023 k y0rusy50 ca 
101 0 |a rus 
102 |a RU 
105 |a y z 101zy 
135 |a drgn ---uucaa 
181 0 |a i  
182 0 |a b 
200 1 |a Исследование механизмов снижения токсичности растворов u238 гуминовыми веществами и фуллеренолом. Биолюминесцентный мониторинг  |f В. В. Медведев, А. А. Семенова  |g науч. рук. А. С. Сачкова 
203 |a Текст  |c электронный 
225 1 |a Охрана окружающей среды и рациональное использование природных ресурсов 
230 |a 1 компьютерный файл (pdf; 1 233 Kb) 
300 |a Заглавие с титульного экрана 
320 |a [Библиогр.: с. 235 (3 назв.)] 
461 1 |0 (RuTPU)RU\TPU\conf\37590  |t Химия и химическая технология в XXI веке  |o материалы XXIV Международной научно-практической конференции студентов и молодых ученых имени выдающихся химиков Л. П. Кулёва и Н. М. Кижнера, посвященной 85-летию со дня рождения профессора А. В. Кравцова, Томск, 15-19 мая 2023 г.  |o в 2 т.  |f Национальный исследовательский Томский политехнический университет (ТПУ) ; Инженерная школа природных ресурсов ; Инженерная школа новых производственных технологий ; Исследовательская школа химических и биомедицинских технологий ; Инженерная школа ядерных технологий  |d 2023 
463 1 |0 (RuTPU)RU\TPU\conf\37592  |t Т. 2  |v [С. 234-235]  |d 2023 
610 1 |a труды учёных ТПУ 
610 1 |a электронный ресурс 
610 1 |a снижение 
610 1 |a токсичность 
610 1 |a растворы 
610 1 |a гуминовые вещества 
610 1 |a фуллеренолы 
610 1 |a биолюминесцентный мониторинг 
700 1 |a Медведев  |b В. В. 
701 1 |a Семенова  |b А. А. 
702 1 |a Сачкова  |b А. С.  |c биолог  |c доцент Томского политехнического университета, кандидат биологических наук  |f 1986-  |g Анна Сергеевна  |2 stltpush  |4 727 
712 0 2 |a Национальный исследовательский Томский политехнический университет  |b Инженерная школа ядерных технологий  |b Отделение ядерно-топливного цикла  |h 7864  |2 stltpush  |3 (RuTPU)RU\TPU\col\23554 
801 2 |a RU  |b 63413507  |c 20230802  |g RCR 
856 4 |u http://earchive.tpu.ru/handle/11683/76917 
942 |c BK